000 00859nam a2200289Ia 4500
001 Para_1662
003 CHAP
008 220125s1974 xx 000 0 und d
010 _a204564
040 _cCHAP
082 _aPA 591.6 M3
100 _aMascaro, Luis A.
_972755
245 _aZooparasitología y entomología sanitaria :
_b sistemáticas y comparadas /
_c por Luis A. Mascaro
260 _aBuenos Aires, Argentina :
_b Albatroz
300 _a410 p.
650 _aAnimales domésticos
_x plagas
_95912
650 _aEntomología
_x sistemática
_9165236
650 _aEntomología económica
_937145
650 _aZoología económica
_9124187
901 _aPA 591.6 M3
902 _aA
905 _a0000001974 a 0000000000 00
910 _a1974
942 _cPARA
942 _cPARA
_d1
999 _c204564
_d204564